Diccionario de derecho penal
Saved in:
| Hovedforfatter: | |
|---|---|
| Format: | Bog |
| Sprog: | spansk |
| Udgivet: |
Buenos Aires
Bibliográfica Argentina
1962
|
| Serier: | Libros Científicos
|
| Fag: | |
| Tags: |
Tilføj Tag
Ingen Tags, Vær først til at tagge denne postø!
|
MARC
| LEADER | 00000nam a2200000 a 4500 | ||
|---|---|---|---|
| 001 | UCT6918 | ||
| 003 | CL-VaPUC | ||
| 008 | 970113e19620000AG |||||||||||||||||spa|d | ||
| 082 | 0 | 4 | |a 345.003 |b GOL |2 21 |
| 100 | |a Goldstein, Raúl |e author |9 599656 | ||
| 245 | 1 | 0 | |a Diccionario de derecho penal |
| 300 | |a 476 p | ||
| 942 | |c BK | ||
| 945 | |d 19970113 00:00:00 |a paguirre | ||
| 260 | |a Buenos Aires |b Bibliográfica Argentina |c 1962 | ||
| 650 | 0 | |a Diccionarios |9 256200 | |
| 650 | 7 | |a TERMINOLOGIA |2 CL-VaPUC |9 254881 | |
| 650 | 7 | |a DERECHO PENAL |2 CL-VaPUC |9 11 | |
| 650 | 0 | |a Criminología |9 256168 | |
| 583 | |a last modification |c 19970113 00:00:00 |k Rodrigo Vera | ||
| 490 | 0 | |a Libros Científicos | |
| 999 | |c 255587 |d 255585 | ||
| 952 | |0 0 |1 0 |4 0 |6 345_003000000000000_GOL_1962 |7 0 |8 F |9 277894 |a BIBDER |b BIBDER |d 2019-11-19 |i 1804251 |o 345.003 GOL 1962 |p 1804251 |r 2023-01-25 |w 2019-11-19 |y BK_F |k DER | ||